| 000 | 00515nam a2200169 a 4500 | ||
|---|---|---|---|
| 001 | 000037456 | ||
| 005 | 20200930080359.0 | ||
| 008 | 120418s1997 dr 000 0 spa d | ||
| 040 |
_aDO-SdBNP _bspa _cBNPHU |
||
| 245 | 0 | 0 | _aPerfil de inversión de coco seco /. |
| 246 | 1 | 4 | _aPerfil de inversión del coco |
| 260 |
_aSanto Domingo : _bJAD, _c1997. |
||
| 300 |
_a45 p. ; _c28 cm. |
||
| 490 | 1 |
_aDocumentos técnicos _v6 |
|
| 710 | 2 |
_aJunta Agroempresarial Dominicana _916452 |
|
| 830 | 0 |
_aDocumentos técnicos _n6 _963907 |
|
| 999 |
_c36946 _d36946 |
||